000 00694nam a2200253 i 4500
001 000006100
003 DO-SdBNP
005 20250731111323.0
007 ta
008 250731s2002 dr 000 0 spa d
040 _aDO-SdBNP
_bspa
_cBNPHU
_erda
041 _hspa
082 _axxx
_bP964
_222
100 _988457
245 1 0 _aPrograma de crecimiento personal :
_bleones internacionales
264 _aSantiago de los Caballeros :
_bEditora Nani,
_c2002
300 _a77 páginas. ;
_c22 cm.
336 _ardacontent
_btexto
_2txt
337 _ardamedia
_bsin mediación
_2n
338 _ardacarrier
_bvolumen
_2nc
590 _aInventariado,2025/DG
910 _aDG
942 _2ddc
_cLBS1
999 _c59692
_d59692